[Event "Benidorm - Aficionados sub-2000 2014"]
[Site "Benidorm ESP"]
[Date "2014.11.28"]
[Round "1.1"]
[White "Pfau, Michael"]
[Black "Altin, Halis"]
[Result "1-0"]
[WhiteElo "1998"]
[BlackElo "1755"]
[PlyCount "79"]
[EventDate "2014.11.28"]
[EventType "swiss"]
[EventRounds "10"]
[EventCountry "ESP"]
[SourceTitle "Ajedrez en Madrid"]
[Source "lmi"]
[SourceDate "2014.11.28"]

1. e4 e5 2. Nf3 Nc6 3. Bc4 Bc5 4. d3 Nf6 5. c3 O-O 6. O-O Be7 7. Re1 d6 8. h3
Na5 9. Bb5 Bd7 10. Bxd7 Qxd7 11. Nbd2 Ne8 12. d4 Nc6 13. Nc4 exd4 14. cxd4 Bf6
15. Ne3 g6 16. Ng4 Bg7 17. Bh6 Bxh6 18. Nxh6+ Kg7 19. Qd2 Nf6 20. Qg5 Ne8 21.
Rad1 Qd8 22. Qc1 Nf6 23. e5 Ng8 24. Ng4 h5 25. Ne3 d5 26. Qc5 Nce7 27. Rc1 c6
28. Ng5 Nh6 29. Qb4 Rb8 30. g3 Nef5 31. Nxf5+ Nxf5 32. h4 Re8 33. Qd2 Re7 34.
b4 Qb6 35. Rcd1 Rbe8 36. Nh3 Nh6 37. a3 Ng4 38. Qg5 Re6 39. Nf4 R6e7 40. Nxh5+
1-0

[Event "Benidorm - Aficionados sub-2000 2014"]
[Site "Benidorm ESP"]
[Date "2014.11.28"]
[Round "1.2"]
[White "Fernandez Senovilla, Jose E"]
[Black "Diaz Benitez, Ricardo"]
[Result "1-0"]
[WhiteElo "1753"]
[BlackElo "1996"]
[PlyCount "81"]
[EventDate "2014.11.28"]
[EventType "swiss"]
[EventRounds "10"]
[EventCountry "ESP"]
[SourceTitle "Ajedrez en Madrid"]
[Source "lmi"]
[SourceDate "2014.11.28"]

1. d4 d5 2. c4 c6 3. Nf3 Nf6 4. Nc3 e6 5. Bg5 h6 6. Bh4 dxc4 7. a4 Bb4 8. Qc2
Qa5 9. Rc1 Nbd7 10. e4 b5 11. Be2 Bb7 12. O-O O-O 13. axb5 cxb5 14. e5 Nd5 15.
Bg3 Be7 16. Qd2 Nb4 17. Bf4 Rfd8 18. Bxh6 gxh6 19. Qxh6 Nf8 20. h4 Nd3 21. Ng5
Nxc1 22. Bh5 Bxg5 23. Qxg5+ Kh7 24. Bxf7 Qc7 25. Qg8+ Kh6 26. Qg5+ Kh7 27. Qg8+
Kh6 28. g4 Qxf7 29. Qxf7 Ng6 30. g5+ Kh5 31. Qh7+ Kg4 32. Qxg6 b4 33. Rxc1 bxc3
34. Rxc3 Rxd4 35. Qxe6+ Kf4 36. Qf6+ Ke4 37. Qf3+ Kxe5 38. Qxb7 Rad8 39. Re3+
Kf5 40. Qf7+ Kg4 41. Rg3+ 1-0

[Event "Benidorm - Aficionados sub-2000 2014"]
[Site "Benidorm ESP"]
[Date "2014.11.28"]
[Round "1.3"]
[White "Cluyts, Marc"]
[Black "Kearsley, Raymond J"]
[Result "1-0"]
[WhiteElo "1996"]
[BlackElo "1751"]
[PlyCount "111"]
[EventDate "2014.11.28"]
[EventType "swiss"]
[EventRounds "10"]
[EventCountry "ESP"]
[SourceTitle "Ajedrez en Madrid"]
[Source "lmi"]
[SourceDate "2014.11.28"]

1. e4 c5 2. Nc3 Nc6 3. f4 e6 4. Nf3 Nge7 5. d4 cxd4 6. Nxd4 Nxd4 7. Qxd4 Nc6 8.
Qf2 d5 9. exd5 exd5 10. Be3 Bb4 11. Bb5 O-O 12. Bxc6 bxc6 13. O-O Bxc3 14. bxc3
f5 15. Bxa7 Ba6 16. Rfe1 Qd7 17. Bc5 Rfe8 18. a4 Re4 19. Rxe4 dxe4 20. Bb6 Qd5
21. Qd4 Re8 22. Qxd5+ cxd5 23. Kf2 Kf7 24. a5 Ke6 25. Rb1 Rb8 26. Rb4 g6 27.
Ke3 Bc4 28. Kd4 Rc8 29. Ba7 Kd7 30. Rb7+ Rc7 31. Rxc7+ Kxc7 32. Ke5 Kd7 33. Kf6
Ke8 34. Bc5 Bf1 35. h4 Bc4 36. Kg7 Be2 37. Kxh7 Kf7 38. Kh6 Bc4 39. h5 gxh5 40.
Kxh5 Ke6 41. Kg5 Be2 42. g3 Ba6 43. g4 fxg4 44. Kxg4 Kf6 45. Bd4+ Kg6 46. f5+
Kf7 47. Kf4 Bb7 48. Ke5 Ke7 49. Bc5+ Kf7 50. f6 Bc8 51. Kxd5 Kxf6 52. Kc6 Ke6
53. Kb6 Kd5 54. Be3 Kc4 55. Bd2 e3 56. Be1 1-0

[Event "Benidorm - Aficionados sub-2000 2014"]
[Site "Benidorm ESP"]
[Date "2014.11.28"]
[Round "1.4"]
[White "Planelles Ortega, Emilio"]
[Black "Vila Cairo, Gerard"]
[Result "0-1"]
[WhiteElo "1749"]
[BlackElo "1995"]
[PlyCount "150"]
[EventDate "2014.11.28"]
[EventType "swiss"]
[EventRounds "10"]
[EventCountry "ESP"]
[SourceTitle "Ajedrez en Madrid"]
[Source "lmi"]
[SourceDate "2014.11.28"]

1. d4 Nf6 2. Bf4 d5 3. e3 e6 4. Nf3 c5 5. c3 Nc6 6. Bb5 Qb6 7. Bxc6+ bxc6 8. b3
Ba6 9. Nbd2 Be7 10. c4 O-O 11. O-O cxd4 12. exd4 c5 13. Be3 Rfd8 14. dxc5 Bxc5
15. Bxc5 Qxc5 16. Qc2 Rac8 17. Rac1 dxc4 18. bxc4 Bb7 19. Rfe1 Qc7 20. h3 h6
21. Re3 Nd5 22. Rb3 Nf4 23. Rcb1 Ba8 24. Qb2 Qc6 25. Qe5 Rxd2 26. Qxf4 Rdd8 27.
Rb8 Qe4 28. Qxe4 Bxe4 29. Rxc8 Rxc8 30. Rc1 Bxf3 31. gxf3 Kf8 32. Kf1 Ke7 33.
Ke2 Kd6 34. Kd3 Rb8 35. Kc3 Kc5 36. a3 a5 37. Re1 a4 38. Re5+ Kc6 39. Kd4 Rb3
40. Rc5+ Kb6 41. Rc8 Rxa3 42. Rb8+ Kc7 43. Ra8 Kb7 44. Ra5 Rxf3 45. Rxa4 Rxf2
46. Kc5 Rh2 47. Kd6 Rxh3 48. Rb4+ Kc8 49. c5 Rd3+ 50. Kc6 Rc3 51. Ra4 Kd8 52.
Ra7 Ke8 53. Kb5 Rc1 54. c6 h5 55. Kb6 h4 56. Ra8+ Ke7 57. Ra7+ Kf6 58. Ra5
Rxc6+ 59. Kxc6 g5 60. Kd6 h3 61. Ra2 g4 62. Rf2+ Kg5 63. Rxf7 h2 64. Rh7 g3 65.
Ke5 g2 66. Rg7+ Kh6 67. Rxg2 h1=Q 68. Rg8 Kh7 69. Rg4 Qd5+ 70. Kf4 Qf5+ 71. Kg3
e5 72. Kh4 e4 73. Rg3 e3 74. Rg2 Qe4+ 75. Kg3 e2 0-1

[Event "Benidorm - Aficionados sub-2000 2014"]
[Site "Benidorm ESP"]
[Date "2014.11.28"]
[Round "1.5"]
[White "Cebrian Flores, Juan Antonio"]
[Black "Karpach, Shaban"]
[Result "0-1"]
[WhiteElo "1995"]
[BlackElo "1748"]
[PlyCount "86"]
[EventDate "2014.11.28"]
[EventType "swiss"]
[EventRounds "10"]
[EventCountry "ESP"]
[SourceTitle "Ajedrez en Madrid"]
[Source "lmi"]
[SourceDate "2014.11.28"]

1. e4 c5 2. Nf3 Nc6 3. d4 cxd4 4. Nxd4 e6 5. Nc3 Qc7 6. Be3 a6 7. Qd2 Nf6 8.
O-O-O Bb4 9. f3 Ne5 10. Nb3 b5 11. Qd4 Nc6 12. Qd2 Be7 13. g4 Ne5 14. Bf4 d6
15. Qf2 b4 16. Na4 Nfd7 17. Nd4 Bb7 18. Kb1 Rc8 19. b3 h6 20. h4 Ng6 21. Bg3
Nc5 22. Nxc5 Qxc5 23. Bc4 Ne5 24. Be2 Nd7 25. g5 hxg5 26. hxg5 Rxh1 27. Rxh1
Bxg5 28. Bd1 Bf6 29. Ne2 Ke7 30. Qh2 Ne5 31. Nf4 Qd4 32. Bf2 Qd2 33. Bb6 Nxf3
34. Qxd2 Nxd2+ 35. Kc1 Nxe4 36. Rf1 Nc3 37. Bg4 Nxa2+ 38. Kb1 Nc3+ 39. Kc1 Be4
40. Re1 Na2+ 41. Kb1 Rxc2 42. Rxe4 Rc1+ 43. Kxa2 Ra1# 0-1

[Event "Benidorm - Aficionados sub-2000 2014"]
[Site "Benidorm ESP"]
[Date "2014.11.28"]
[Round "1.6"]
[White "Alzate Echavarri, Cesar August"]
[Black "Gambini, Stephane"]
[Result "0-1"]
[WhiteElo "1743"]
[BlackElo "1993"]
[PlyCount "96"]
[EventDate "2014.11.28"]
[EventType "swiss"]
[EventRounds "10"]
[EventCountry "ESP"]
[SourceTitle "Ajedrez en Madrid"]
[Source "lmi"]
[SourceDate "2014.11.28"]

1. e4 c5 2. Bc4 e6 3. Nc3 a6 4. a4 Nc6 5. f4 d6 6. Nf3 Nf6 7. d3 Be7 8. O-O O-O
9. Qe1 d5 10. Bb3 d4 11. Ne2 Bd7 12. Ng5 h6 13. Nf3 Qc7 14. Qg3 Kh7 15. Qh3 b5
16. f5 c4 17. dxc4 bxa4 18. fxe6 fxe6 19. Bxa4 Nxe4 20. Bxc6 Qxc6 21. Nexd4
Qxc4 22. Be3 Qd5 23. g4 Bc5 24. Ra5 e5 25. Rxc5 Nxc5 26. Qg2 e4 27. Nd2 Rxf1+
28. Qxf1 Bxg4 29. c4 Qh5 30. Qf4 Qg6 31. Kh1 Bh3 32. Qg3 Qxg3 33. hxg3 Nd3 34.
Kh2 Bd7 35. b3 Re8 36. Ne2 Bc6 37. Nd4 Bd7 38. Ne2 Bg4 39. Nf4 Nxf4 40. gxf4
Rb8 41. Bc5 Bf5 42. b4 Rd8 43. Nf1 Rd3 44. Ne3 Be6 45. f5 Bf7 46. Kg1 Rc3 47.
f6 gxf6 48. Ng4 Rg3+ 0-1

[Event "Benidorm - Aficionados sub-2000 2014"]
[Site "Benidorm ESP"]
[Date "2014.11.28"]
[Round "1.7"]
[White "Vallbona Domingo, Joan"]
[Black "Van Heuverbeke, Paul"]
[Result "1-0"]
[WhiteElo "1992"]
[BlackElo "1742"]
[PlyCount "132"]
[EventDate "2014.11.28"]
[EventType "swiss"]
[EventRounds "10"]
[EventCountry "ESP"]
[SourceTitle "Ajedrez en Madrid"]
[Source "lmi"]
[SourceDate "2014.11.28"]

1. Nf3 Nc6 2. d4 d5 3. Bf4 e6 4. e3 Nf6 5. c4 Bd6 6. Bxd6 cxd6 7. Nc3 Qa5 8.
Nd2 Ne4 9. Ndxe4 dxe4 10. Qg4 O-O 11. Qxe4 f5 12. Qd3 Ne7 13. Be2 Bd7 14. Bf3
a6 15. O-O Rab8 16. a4 Ng6 17. g3 Qc7 18. Bg2 Ne7 19. Rfd1 Rbc8 20. Rac1 Qxc4
21. Qxc4 Rxc4 22. Bxb7 Rb4 23. Bxa6 Bxa4 24. Nxa4 Rxa4 25. Bb5 Rb4 26. Bd7 Kf7
27. Rd2 Rfb8 28. Rcc2 d5 29. Kg2 R8b7 30. Bc8 Nxc8 31. Rxc8 Rxb2 32. Rxb2 Rxb2
33. Rc7+ Kf6 34. h4 h5 35. Rc8 Ra2 36. Rf8+ Kg6 37. Rb8 Rc2 38. Kf1 Kf6 39. Ke1
Kg6 40. Rb1 Kf6 41. Rd1 g5 42. hxg5+ Kxg5 43. Kf1 h4 44. Kg2 hxg3 45. Kxg3 Rc8
46. Rh1 Rf8 47. Kf3 Rf7 48. Rg1+ Kf6 49. Rh1 Kg6 50. Kf4 Rc7 51. Ke5 Rc2 52.
Kxe6 Rxf2 53. Rg1+ Kh5 54. Kxd5 Re2 55. Ke6 Rxe3+ 56. Kxf5 Kh6 57. d5 Rd3 58.
Ke6 Re3+ 59. Kd7 Kh7 60. d6 Rd3 61. Ke7 Re3+ 62. Kd8 Rd3 63. d7 Ra3 64. Rg4
Ra8+ 65. Ke7 Ra7 66. Ke8 Kh6 1-0

[Event "Benidorm - Aficionados sub-2000 2014"]
[Site "Benidorm ESP"]
[Date "2014.11.28"]
[Round "1.8"]
[White "Pascual Fuertes, Jose Enrique"]
[Black "Hall, Rachid"]
[Result "0-1"]
[WhiteElo "1738"]
[BlackElo "1987"]
[PlyCount "102"]
[EventDate "2014.11.28"]
[EventType "swiss"]
[EventRounds "10"]
[EventCountry "ESP"]
[SourceTitle "Ajedrez en Madrid"]
[Source "lmi"]
[SourceDate "2014.11.28"]

1. Nf3 d5 2. d4 Nf6 3. Bf4 Nbd7 4. Nbd2 Ne4 5. Nxe4 dxe4 6. Nd2 Nf6 7. e3 Bf5
8. Be2 e6 9. O-O Be7 10. c4 c6 11. Qc2 O-O 12. Rfd1 Bd6 13. Be5 Qc7 14. Bxd6
Qxd6 15. Rac1 Rad8 16. Nf1 Rd7 17. Ng3 Bg6 18. Rd2 Rfd8 19. Rcd1 h5 20. h3 h4
21. Nf1 Nh7 22. Nh2 f5 23. Qb3 Bf7 24. f4 g5 25. Rf1 Qe7 26. Qd1 gxf4 27. Rxf4
Kh8 28. Qe1 c5 29. d5 exd5 30. Rxh4 d4 31. Rf4 Qg5 32. Bf1 Be6 33. Rdf2 Nf6 34.
g4 Nh5 35. Rxf5 Bxf5 36. Rxf5 Qxe3+ 37. Qxe3 dxe3 38. Rxh5+ Kg7 39. Rxc5 Rd1
40. Kg2 R8d2+ 41. Kg3 e2 42. Rc7+ Kg6 43. Bxe2 Rxe2 44. Re7 Rd3+ 45. Kf4 Rxh3
46. Rxb7 Rhxh2 47. c5 Rhf2+ 48. Ke5 Rf7 49. Rxf7 Kxf7 50. g5 e3 51. Ke4 Rxb2
0-1

[Event "Benidorm - Aficionados sub-2000 2014"]
[Site "Benidorm ESP"]
[Date "2014.11.28"]
[Round "1.10"]
[White "Diaz Begonte, Manuel"]
[Black "Rodriguez Marcos, Jose R"]
[Result "1/2-1/2"]
[WhiteElo "1734"]
[BlackElo "1980"]
[PlyCount "96"]
[EventDate "2014.11.28"]
[EventType "swiss"]
[EventRounds "10"]
[EventCountry "ESP"]
[SourceTitle "Ajedrez en Madrid"]
[Source "lmi"]
[SourceDate "2014.11.28"]

1. e4 c5 2. d4 cxd4 3. c3 d3 4. Bxd3 d6 5. Be3 Nf6 6. f4 Ng4 7. Qe2 Nxe3 8.
Qxe3 Nc6 9. Nf3 a6 10. O-O Qc7 11. Nbd2 e5 12. Kh1 Be7 13. fxe5 Nxe5 14. Nxe5
dxe5 15. Qg3 O-O 16. Nc4 f6 17. Ne3 Be6 18. Nd5 Bxd5 19. exd5 Bd6 20. Qh4 g5
21. Qe4 Rae8 22. Rac1 Re7 23. c4 b6 24. a3 a5 25. Rf3 Rg7 26. Rcf1 Qe7 27. Bb1
Rg6 28. Rh3 f5 29. Rxf5 g4 30. Rhh5 Qg7 31. Rxf8+ Qxf8 32. Rf5 Qh6 33. Rf1 Qg5
34. Qf5 Qxf5 35. Rxf5 g3 36. Rf3 Rg5 37. Rxg3 Rxg3 38. hxg3 e4 39. Bxe4 Bxg3
40. b4 axb4 41. axb4 Bd6 42. b5 h6 43. Kg1 Bc5+ 44. Kh2 Kf7 45. Kg3 Kf6 46. Kg4
Bd6 47. Kh5 Bf4 48. d6 Ke6 1/2-1/2

[Event "Benidorm - Aficionados sub-2000 2014"]
[Site "Benidorm ESP"]
[Date "2014.11.28"]
[Round "1.11"]
[White "Alvarez Morales, Miguel"]
[Black "Bulova, Tatiana"]
[Result "1-0"]
[WhiteElo "1979"]
[BlackElo "1734"]
[PlyCount "57"]
[EventDate "2014.11.28"]
[EventType "swiss"]
[EventRounds "10"]
[EventCountry "ESP"]
[SourceTitle "Ajedrez en Madrid"]
[Source "lmi"]
[SourceDate "2014.11.28"]

1. c4 e6 2. Nf3 d5 3. d4 Nf6 4. g3 Be7 5. Bg2 c6 6. O-O O-O 7. Nc3 dxc4 8. Ne5
Nbd7 9. Nxc4 Nd5 10. e4 Nc7 11. Bf4 Bg5 12. Bd6 Re8 13. e5 Nb6 14. Nxb6 axb6
15. Ne4 Be7 16. Qh5 Nb5 17. Bxe7 Rxe7 18. Nf6+ gxf6 19. exf6 Rc7 20. Qg5+ Kf8
21. Qg7+ Ke8 22. Rad1 Nd6 23. d5 cxd5 24. Rxd5 Ra5 25. Qg8+ Kd7 26. Qxf7+ Kc6
27. Rxa5+ Ne4 28. Bxe4+ Qd5 29. Bxd5+ 1-0

[Event "Benidorm - Aficionados sub-2000 2014"]
[Site "Benidorm ESP"]
[Date "2014.11.28"]
[Round "1.22"]
[White "Martinez Perez, Pablo"]
[Black "Penarrubia Blasco, Jose Alfred"]
[Result "0-1"]
[WhiteElo "1710"]
[BlackElo "1956"]
[PlyCount "48"]
[EventDate "2014.11.28"]
[EventType "swiss"]
[EventRounds "10"]
[EventCountry "ESP"]
[SourceTitle "Ajedrez en Madrid"]
[Source "lmi"]
[SourceDate "2014.11.28"]

1. e4 e5 2. Nf3 Nc6 3. Nc3 Nf6 4. d4 exd4 5. Nxd4 h6 6. Nxc6 bxc6 7. Bd3 Bc5 8.
O-O d6 9. h3 a5 10. e5 dxe5 11. Re1 Bd4 12. Qf3 O-O 13. Ne4 Nxe4 14. Qxe4 f5
15. Qxc6 Rb8 16. Qc4+ Kh8 17. c3 e4 18. Bf1 Bb6 19. b3 Qf6 20. Bb2 Qh4 21. Qe2
f4 22. c4 f3 23. gxf3 Qg3+ 24. Kh1 Bxf2 0-1

[Event "Benidorm - Aficionados sub-2000 2014"]
[Site "Benidorm ESP"]
[Date "2014.11.28"]
[Round "1.23"]
[White "Perez Pascual, Arturo"]
[Black "Morant Gomar, Sergio"]
[Result "0-1"]
[WhiteElo "1954"]
[BlackElo "1709"]
[PlyCount "72"]
[EventDate "2014.11.28"]
[EventType "swiss"]
[EventRounds "10"]
[EventCountry "ESP"]
[SourceTitle "Ajedrez en Madrid"]
[Source "lmi"]
[SourceDate "2014.11.28"]

1. e4 c5 2. Nf3 Nc6 3. d4 cxd4 4. Nxd4 e5 5. Nb5 a6 6. Nd6+ Bxd6 7. Qxd6 Qf6 8.
Qd1 Nge7 9. Nc3 O-O 10. h4 Rd8 11. Bg5 Qg6 12. f3 f6 13. Be3 Qf7 14. Bb6 Re8
15. Qd6 Qe6 16. O-O-O Qxd6 17. Rxd6 Nd8 18. a4 Nf7 19. Bc4 Kf8 20. Rd2 d6 21.
Bxf7 Kxf7 22. Rxd6 Be6 23. b3 Nc8 24. Rhd1 Nxd6 25. Rxd6 Rac8 26. Kb2 Rc6 27.
Rxc6 bxc6 28. a5 g5 29. hxg5 fxg5 30. g4 Kg6 31. Kc1 Rf8 32. Bc7 Rxf3 33. Bxe5
Bxg4 34. Kd2 h5 35. Nd1 Rf7 36. Bb8 Rd7+ 0-1

[Event "Benidorm - Aficionados sub-2000 2014"]
[Site "Benidorm ESP"]
[Date "2014.11.28"]
[Round "1.24"]
[White "Tejedor Garcia, Adolfo"]
[Black "Jimenez Mompo, Candido"]
[Result "0-1"]
[WhiteElo "1703"]
[BlackElo "1954"]
[PlyCount "66"]
[EventDate "2014.11.28"]
[EventType "swiss"]
[EventRounds "10"]
[EventCountry "ESP"]
[SourceTitle "Ajedrez en Madrid"]
[Source "lmi"]
[SourceDate "2014.11.28"]

1. e4 c5 2. Nc3 d6 3. g3 g6 4. Bg2 Bg7 5. d3 Nc6 6. Nge2 e6 7. Be3 Nd4 8. Qd2
Rb8 9. Nc1 b5 10. Nd1 Bd7 11. c3 Nc6 12. Ne2 a6 13. O-O Nge7 14. Bh6 O-O 15. h4
Ne5 16. Bxg7 Kxg7 17. Ne3 f5 18. h5 Ng8 19. Rae1 Nf7 20. hxg6 hxg6 21. d4 c4
22. exf5 exf5 23. Nd5 Nf6 24. Nef4 Ne4 25. Bxe4 fxe4 26. Kg2 Bg4 27. Rh1 Ng5
28. Rh4 Bf3+ 29. Kf1 Rh8 30. Nxg6 Kxg6 31. Rxh8 Qxh8 32. Ne7+ Kf7 33. Qf4+ Ke8
0-1

[Event "Benidorm - Aficionados sub-2000 2014"]
[Site "Benidorm ESP"]
[Date "2014.11.28"]
[Round "1.25"]
[White "Cartagena Sanchez, Javier"]
[Black "Marce Miracle, Joan"]
[Result "1-0"]
[WhiteElo "1952"]
[BlackElo "1703"]
[PlyCount "79"]
[EventDate "2014.11.28"]
[EventType "swiss"]
[EventRounds "10"]
[EventCountry "ESP"]
[SourceTitle "Ajedrez en Madrid"]
[Source "lmi"]
[SourceDate "2014.11.28"]

1. e4 Nf6 2. e5 Nd5 3. d4 d6 4. Nf3 Bg4 5. Be2 e6 6. a4 a5 7. h3 Bh5 8. O-O Be7
9. c4 Nb4 10. Bd2 O-O 11. Bxb4 axb4 12. Qb3 c5 13. dxc5 dxc5 14. Nbd2 Nc6 15.
Qe3 Qc7 16. b3 Rfd8 17. Rfe1 Rd7 18. Nf1 Rad8 19. g4 Bg6 20. Red1 Nd4 21. Nxd4
cxd4 22. Qg3 Bc2 23. Rd2 d3 24. Bd1 Bg5 25. Ne3 Rd4 26. Bxc2 Bf4 27. Qf3 dxc2
28. Rxd4 Rxd4 29. Nxc2 Rd2 30. Qxf4 Rxc2 31. Rd1 Rc3 32. Qd4 g5 33. Qd6 Qa5 34.
Qb8+ Kg7 35. Rd8 Qc5 36. Rg8+ Kh6 37. Qd8 Rc1+ 38. Kg2 Qc6+ 39. f3 Rc2+ 40. Kg3
1-0

[Event "Benidorm - Aficionados sub-2000 2014"]
[Site "Benidorm ESP"]
[Date "2014.11.28"]
[Round "1.27"]
[White "Moya Mallafre, Erik"]
[Black "Amoros Perez, Manuel"]
[Result "1-0"]
[WhiteElo "1947"]
[BlackElo "1697"]
[PlyCount "54"]
[EventDate "2014.11.28"]
[EventType "swiss"]
[EventRounds "10"]
[EventCountry "ESP"]
[SourceTitle "Ajedrez en Madrid"]
[Source "lmi"]
[SourceDate "2014.11.28"]

1. Nf3 Nf6 2. c4 e6 3. g3 b6 4. Bg2 Bb7 5. O-O d5 6. Ne5 Bd6 7. Qa4+ c6 8. d4
O-O 9. Nd2 Qc7 10. f4 dxc4 11. Qxc4 c5 12. Ndf3 cxd4 13. Qa4 Nd5 14. Nxd4 Bxe5
15. fxe5 Ne7 16. Nf3 Nbc6 17. Bg5 h6 18. Bxe7 Qxe7 19. Rac1 Qb4 20. Qxb4 Nxb4
21. Rc7 Ba6 22. Nd4 Rad8 23. Rf4 Nd5 24. Bxd5 Rxd5 25. Rxa7 Bc8 26. Nc6 Rd7 27.
Ne7+ Kh8 1-0

[Event "Benidorm - Aficionados sub-2000 2014"]
[Site "Benidorm ESP"]
[Date "2014.11.28"]
[Round "1.29"]
[White "Blasco Marques, Salvador"]
[Black "Glen, Hamish"]
[Result "1-0"]
[WhiteElo "1942"]
[BlackElo "1693"]
[PlyCount "39"]
[EventDate "2014.11.28"]
[EventType "swiss"]
[EventRounds "10"]
[EventCountry "ESP"]
[SourceTitle "Ajedrez en Madrid"]
[Source "lmi"]
[SourceDate "2014.11.28"]

1. e4 e6 2. d4 d5 3. Nc3 Bb4 4. Bd2 dxe4 5. Qg4 Nf6 6. Qxg7 Rg8 7. Qh6 Qxd4 8.
Nge2 Qe5 9. O-O-O Rg6 10. Qh4 Rg4 11. Qh3 Nc6 12. f3 exf3 13. Qxf3 Bd6 14. g3
Nd4 15. Nxd4 Rxd4 16. Bb5+ Ke7 17. Bd3 Qh5 18. Qxh5 Nxh5 19. Bxh7 f5 20. Bg5+
1-0

[Event "Benidorm - Aficionados sub-2000 2014"]
[Site "Benidorm ESP"]
[Date "2014.11.28"]
[Round "1.32"]
[White "Aure, Anders Nilsson"]
[Black "Young, Mel J"]
[Result "1/2-1/2"]
[WhiteElo "1690"]
[BlackElo "1939"]
[PlyCount "44"]
[EventDate "2014.11.28"]
[EventType "swiss"]
[EventRounds "10"]
[EventCountry "ESP"]
[SourceTitle "Ajedrez en Madrid"]
[Source "lmi"]
[SourceDate "2014.11.28"]

1. c4 b6 2. d4 e6 3. e4 Bb7 4. Bd3 Bb4+ 5. Kf1 a5 6. c5 bxc5 7. a3 c4 8. Bxc4
Be7 9. Nc3 Ba6 10. Bxa6 Nxa6 11. Be3 Bg5 12. f4 Bh6 13. Nf3 Qb8 14. Qd2 Nf6 15.
h3 Qb7 16. Qc2 d5 17. e5 Nd7 18. Kf2 g6 19. Na4 O-O 20. g4 Rfc8 21. Nc5 Naxc5
22. dxc5 c6 1/2-1/2

[Event "Benidorm - Aficionados sub-2000 2014"]
[Site "Benidorm ESP"]
[Date "2014.11.28"]
[Round "1.34"]
[White "Becking, Franz Josef"]
[Black "Van De Perre, Patrick"]
[Result "1-0"]
[WhiteElo "1933"]
[BlackElo "1687"]
[PlyCount "27"]
[EventDate "2014.11.28"]
[EventType "swiss"]
[EventRounds "10"]
[EventCountry "ESP"]
[SourceTitle "Ajedrez en Madrid"]
[Source "lmi"]
[SourceDate "2014.11.28"]

1. d4 Nf6 2. Nf3 d5 3. Bf4 Bf5 4. e3 e6 5. c4 c6 6. Nc3 Nbd7 7. h3 h6 8. Bd3
Ne4 9. O-O Ndf6 10. cxd5 cxd5 11. Bb5+ Nd7 12. Nxe4 a6 13. Bxd7+ Qxd7 14. Ng3
1-0

[Event "Benidorm - Aficionados sub-2000 2014"]
[Site "Benidorm ESP"]
[Date "2014.11.28"]
[Round "1.40"]
[White "Bote Kobolo, Benjamin"]
[Black "Rico Lucas, Mario"]
[Result "1-0"]
[WhiteElo "1926"]
[BlackElo "1661"]
[PlyCount "47"]
[EventDate "2014.11.28"]
[EventType "swiss"]
[EventRounds "10"]
[EventCountry "ESP"]
[SourceTitle "Ajedrez en Madrid"]
[Source "lmi"]
[SourceDate "2014.11.28"]

1. e4 e5 2. Nf3 d6 3. Bc4 h6 4. h3 Bd7 5. O-O c5 6. c3 Nf6 7. Qe2 a6 8. d4 b5
9. Bd5 Nxd5 10. exd5 cxd4 11. cxd4 b4 12. a4 bxa3 13. Nxa3 Be7 14. dxe5 dxe5
15. Qxe5 O-O 16. Qg3 Kh7 17. Bf4 g5 18. Bc7 Qc8 19. Rac1 Qb7 20. Qe5 Bxa3 21.
bxa3 Bb5 22. Qf5+ Kg8 23. Be5 Bxf1 24. Qf6 1-0

[Event "Benidorm - Aficionados sub-2000 2014"]
[Site "Benidorm ESP"]
[Date "2014.11.28"]
[Round "1.45"]
[White "Benito Alba, Eladio"]
[Black "Perez Garcia, Juan Angel"]
[Result "0-1"]
[WhiteElo "1656"]
[BlackElo "1921"]
[PlyCount "53"]
[EventDate "2014.11.28"]
[EventType "swiss"]
[EventRounds "10"]
[EventCountry "ESP"]
[SourceTitle "Ajedrez en Madrid"]
[Source "lmi"]
[SourceDate "2014.11.28"]

1. d4 g6 2. Nf3 Bg7 3. g3 Nf6 4. Bg2 O-O 5. c4 d6 6. O-O Nbd7 7. Nc3 e5 8. dxe5
dxe5 9. e4 c6 10. Bg5 h6 11. Bxf6 Qxf6 12. Qc2 a5 13. h3 Nc5 14. Rad1 Be6 15.
b3 Rfd8 16. Qe2 Qe7 17. Rxd8+ Rxd8 18. Rd1 Bd7 19. Qd2 Ne6 20. Qd6 Qxd6 21.
Rxd6 Nd4 22. c5 Bf8 23. Nxe5 Bxd6 24. cxd6 Be6 25. d7 Bxd7 26. Nc4 a4 27. bxa4
0-1

[Event "Benidorm - Aficionados sub-2000 2014"]
[Site "Benidorm ESP"]
[Date "2014.11.28"]
[Round "1.47"]
[White "Moreno Bello, Miguel"]
[Black "Killane, Jack"]
[Result "1-0"]
[WhiteElo "1649"]
[BlackElo "1916"]
[PlyCount "53"]
[EventDate "2014.11.28"]
[EventType "swiss"]
[EventRounds "10"]
[EventCountry "ESP"]
[SourceTitle "Ajedrez en Madrid"]
[Source "lmi"]
[SourceDate "2014.11.28"]

1. a3 e5 2. e4 Nf6 3. f4 d5 4. fxe5 Nxe4 5. Nc3 Nxc3 6. bxc3 Qh4+ 7. g3 Qe4+ 8.
Kf2 Qxh1 9. Nf3 Nc6 10. e6 Bc5+ 11. d4 O-O 12. Qd3 fxe6 13. Bg2 Qxh2 14. Bf4
Qh5 15. dxc5 Qf5 16. Bxc7 Qxd3 17. cxd3 e5 18. Kg1 Bf5 19. Nxe5 Nxe5 20. Bxe5
Rad8 21. Bd6 Be6 22. Bxf8 Kxf8 23. Re1 Kf7 24. d4 b6 25. c6 Bc8 26. Re5 Kf6 27.
Bxd5 1-0

[Event "Benidorm - Aficionados sub-2000 2014"]
[Site "Benidorm ESP"]
[Date "2014.11.28"]
[Round "1.55"]
[White "Erades Berenguer, Ana"]
[Black "Moreno Vicente, Jesus Miguel"]
[Result "1-0"]
[WhiteElo "1621"]
[BlackElo "1900"]
[PlyCount "57"]
[EventDate "2014.11.28"]
[EventType "swiss"]
[EventRounds "10"]
[EventCountry "ESP"]
[SourceTitle "Ajedrez en Madrid"]
[Source "lmi"]
[SourceDate "2014.11.28"]

1. e4 e6 2. d4 d5 3. exd5 exd5 4. Nc3 Nf6 5. Bd3 Be7 6. Bf4 c6 7. Qd2 Bg4 8. f3
Bh5 9. g4 Bg6 10. O-O-O b5 11. Bxg6 hxg6 12. Re1 O-O 13. h4 Nbd7 14. h5 b4 15.
Na4 Nb6 16. h6 Ne4 17. fxe4 Nxa4 18. hxg7 Kxg7 19. Bh6+ Kg8 20. Qh2 f6 21. Bxf8
Kxf8 22. Qh8+ Kf7 23. Rh7+ Ke6 24. exd5+ Kxd5 25. Qxd8+ Bxd8 26. Rd7+ Kc4 27.
b3+ Kb5 28. bxa4+ Kxa4 29. Re8 1-0

[Event "Benidorm - Aficionados sub-2000 2014"]
[Site "Benidorm ESP"]
[Date "2014.11.28"]
[Round "1.57"]
[White "Park, Frank"]
[Black "Selva Salvador, Antonio"]
[Result "0-1"]
[WhiteElo "1616"]
[BlackElo "1896"]
[PlyCount "58"]
[EventDate "2014.11.28"]
[EventType "swiss"]
[EventRounds "10"]
[EventCountry "ESP"]
[SourceTitle "Ajedrez en Madrid"]
[Source "lmi"]
[SourceDate "2014.11.28"]

1. d4 e6 2. e3 Nf6 3. Bd3 c5 4. c3 b6 5. f4 Bb7 6. Nf3 Nc6 7. a3 Rc8 8. Nbd2 d5
9. O-O Bd6 10. Ne5 cxd4 11. cxd4 O-O 12. Qf3 Ne7 13. g4 Qc7 14. g5 Ne4 15. Qh3
Nf5 16. Ndf3 Qe7 17. Ng4 Rc7 18. Nh4 Rfc8 19. Nxf5 exf5 20. Nf2 g6 21. Qg2 a6
22. h4 b5 23. Qf3 Rc6 24. Kg2 b4 25. Qe2 bxa3 26. Bxe4 axb2 27. Bxb2 fxe4 28.
Rab1 a5 29. Kg3 Ba6 0-1